| 000 | 00336nam a22001337a 4500 | ||
|---|---|---|---|
| 008 | 181217b xxu||||| |||| 00| 0 eng d | ||
| 020 | _a0813511496 | ||
| 041 | _aeng | ||
| 080 | _a610 | ||
| 100 | _a4 | ||
| 101 | _aSHM | ||
| 245 |
_aApplications of Social Sciences to Clinical Medicine and Health Policy _cAiken,L.H |
||
| 942 |
_2udc _cBK |
||
| 999 |
_c53201 _d53201 |
||